000 00334nam a2200133Ia 4500
008 230411s9999 xx 000 0 und d
041 _aeng
082 _aN/613.2/SOH/B06973
100 _aSohi Darshan
245 _aTextbook of Nutrition
260 _bS Vikas and Co
_aJalandhar
_c2009
300 _a414p
999 _c157194
_d157194